<?xml version="1.0" encoding="UTF-8"?>
<record
    xmlns:xsi="http://www.w3.org/2001/XMLSchema-instance"
    xsi:schemaLocation="http://www.loc.gov/MARC21/slim http://www.loc.gov/standards/marcxml/schema/MARC21slim.xsd"
    xmlns="http://www.loc.gov/MARC21/slim">

  <leader>03044nam a22002657a 4500</leader>
  <controlfield tag="003">OSt</controlfield>
  <controlfield tag="005">20260511114126.0</controlfield>
  <controlfield tag="008">260123b        |||||||| |||| 00| 0 eng d</controlfield>
  <datafield tag="020" ind1=" " ind2=" ">
    <subfield code="a">9788055532158</subfield>
  </datafield>
  <datafield tag="040" ind1=" " ind2=" ">
    <subfield code="a">TBS</subfield>
    <subfield code="b">EN</subfield>
    <subfield code="c">TBS</subfield>
  </datafield>
  <datafield tag="041" ind1=" " ind2=" ">
    <subfield code="a">eng</subfield>
  </datafield>
  <datafield tag="100" ind1=" " ind2=" ">
    <subfield code="a">Fuchs, Hila</subfield>
    <subfield code="9">26936</subfield>
    <subfield code="e">author</subfield>
  </datafield>
  <datafield tag="245" ind1=" " ind2=" ">
    <subfield code="a">Psychological flexibility in human leadership - facing the challenges and needs of the 21st century working social spaces</subfield>
    <subfield code="c">/ Hila Fuchs, Tatyana Petkova, Arie Fishbein, Daniel Galily, Ariel Fuchs</subfield>
  </datafield>
  <datafield tag="260" ind1=" " ind2=" ">
    <subfield code="b">Economics,</subfield>
    <subfield code="c">2023.</subfield>
  </datafield>
  <datafield tag="300" ind1=" " ind2=" ">
    <subfield code="a">1021-1038 pages.</subfield>
  </datafield>
  <datafield tag="520" ind1=" " ind2=" ">
    <subfield code="a">Research background: Psychological flexibility, rooted in acceptance and commitment therapy (ACT) principles, has gained recognition as a vital trait for leaders. It involves adapting to changing 
circumstances, managing emotions effectively, and staying aligned with personal and organizational values. Research in this area explores how leaders who cultivate psychological flexibility among 
themselves, and their teams can foster innovation, resilience, and a culture of continuous learning in the workplace. Human leadership emphasizes the holistic well-being of employees, recognizing them as 
individuals with unique needs and aspirations. It emphasizes empathy, ethical conduct, and work-life balance as core principles. Studies in this domain explore how human-centered leadership practices contribute to employee satisfaction, retention, and the ethical integrity of organizations, ultimately driving long-term success. Purpose of the article: This article aims to explore and elucidate the significance of psychological flexibility and human-centered leadership in the context of the 21st-century workplace. It aims to provide insights into how these concepts shape modern leadership practices and their impact on organizational culture, employee well-being, and overall effectiveness. Method: A quantitative survey was administered to a broader cross-section of professionals across different sectors to investigate the interplay between psychological flexibility, human leadership qualities, and their impact on thriving in the 21st-century social space. Findings &amp; Value Added: We found that by incorporating psychological flexibility into human leadership, managers can cultivate a work environment characterized by nurturance and growth that embraces change, fosters collaboration, and empowers employees to thrive amidst the dynamic challenges of the contemporary working place social spaces. Keywords: psychological flexibility, human-centered leadership, organizational culture, employee wellbeing, innovation.</subfield>
  </datafield>
  <datafield tag="630" ind1=" " ind2="0">
    <subfield code="a">B2 PBT Psychologically Flexible Leadership &#x200B;(BiM)</subfield>
    <subfield code="9">26899</subfield>
  </datafield>
  <datafield tag="650" ind1=" " ind2="0">
    <subfield code="a">Cognitive science</subfield>
    <subfield code="9">26941</subfield>
  </datafield>
  <datafield tag="700" ind1=" " ind2=" ">
    <subfield code="a">Petkova, Tatyana</subfield>
    <subfield code="9">26937</subfield>
    <subfield code="e">author</subfield>
  </datafield>
  <datafield tag="700" ind1=" " ind2=" ">
    <subfield code="a">Fishbein, Arie</subfield>
    <subfield code="9">26938</subfield>
    <subfield code="e">author</subfield>
  </datafield>
  <datafield tag="700" ind1=" " ind2=" ">
    <subfield code="a">Galily, Daniel</subfield>
    <subfield code="9">26939</subfield>
    <subfield code="e">author</subfield>
  </datafield>
  <datafield tag="700" ind1=" " ind2=" ">
    <subfield code="a">Fuchs, Ariel</subfield>
    <subfield code="9">26940</subfield>
    <subfield code="e">author</subfield>
  </datafield>
  <datafield tag="856" ind1=" " ind2=" ">
    <subfield code="u">https://research-ebsco-com.hub.tbs-education.fr/linkprocessor/plink?id=ca22d6fd-b6e3-34b6-948a-f62b88810ca0</subfield>
  </datafield>
  <datafield tag="942" ind1=" " ind2=" ">
    <subfield code="2">lcc</subfield>
  </datafield>
  <datafield tag="952" ind1=" " ind2=" ">
    <subfield code="0">0</subfield>
    <subfield code="1">0</subfield>
    <subfield code="2">lcc</subfield>
    <subfield code="4">0</subfield>
    <subfield code="7">0</subfield>
    <subfield code="8">CT</subfield>
    <subfield code="a">TBS</subfield>
    <subfield code="b">TBS</subfield>
    <subfield code="d">2026-05-11</subfield>
    <subfield code="l">0</subfield>
    <subfield code="r">2026-05-11</subfield>
    <subfield code="u">https://research-ebsco-com.hub.tbs-education.fr/linkprocessor/plink?id=ca22d6fd-b6e3-34b6-948a-f62b88810ca0</subfield>
    <subfield code="w">2026-05-11</subfield>
    <subfield code="y">ARTICLE</subfield>
  </datafield>
  <datafield tag="999" ind1=" " ind2=" ">
    <subfield code="c">5281</subfield>
    <subfield code="d">5281</subfield>
  </datafield>
</record>
